Normal view
MARC view
- Gas-turbine power-plants
Entry Topical Term
001 - CONTROL NUMBER
- control field: 55766
003 - CONTROL NUMBER IDENTIFIER
- control field: NUST
005 - DATE AND TIME OF LATEST TRANSACTION
- control field: 20210628201540.0
008 - FIXED-LENGTH DATA ELEMENTS
- fixed length control field: 210628|| aca||aabn | a|a d
040 ## - CATALOGING SOURCE
- Original cataloging agency: NUST
- Transcribing agency: NUST
150 ## - HEADING--TOPICAL TERM
- Topical term or geographic name entry element: Gas-turbine power-plants
670 ## - SOURCE DATA FOUND
- Source citation: Work cat.: (NUST): Kolanowski, Bernard F. 55765, Guide to microturbines /, c2004.
